000 01011nam a22003377a 4500
003 CHAP
005 20220329143729.0
008 110426s1981 es r 00010 spa d
010 _a101029
011 _a102001
020 _a8474940206
035 _a112689
040 _cCHAP
082 0 4 _a581.634
_bT23
100 0 0 _aTeffel, Marc.
_9111993
245 1 0 _aMedicina naturista de las hierbas
_c/por Marc Teffel
260 _aBarcelona :
_bRamos Majos,
_c1981
300 _a202 p.
490 _aNaturismo
590 _aBATCH-UPD
_b10
_c20130110
_lUCH01
_h1138
590 _aBATCH-UPD
_b10
_c20130410
_lUCH01
_h0724
590 _aBATCH-UPD
_b10
_c20130914
_lUCH01
_h0744
590 _aCONVERSION
_b10
_c20130109
_lUCH01
_h1356
650 1 4 _aBotánica médica.
_914680
650 1 4 _aMedicina alternativa.
_973914
650 1 4 _aTerapéutica fisiológica.
_9112346
830 _aNaturismo
_980423
901 _aBK
942 _cLIBRO
949 _a581.634 T23
_bBC
_cLIBRO
_d33724002253892
_eLIBRO
_h114782
_i112689
_sb
999 _c101029
_d101029